Implementación del estándar EDI /

Αποθηκεύτηκε σε:
Λεπτομέρειες βιβλιογραφικής εγγραφής
Κύριος συγγραφέας: Casián Márquez, Luis Fernando (autor)
Μορφή: Thesis Βιβλίο
Γλώσσα:Ισπανικά
Θέματα:
Ετικέτες: Προσθήκη ετικέτας
Δεν υπάρχουν, Καταχωρήστε ετικέτα πρώτοι!

MARC

LEADER 00000nam^a2200000^a^4500
001 000276858
005 20250521000000.0
009 20260310111316.549
037 |a Acervo ITESO - Biblioteca 
041 |a ESP 
090 |a ISC. 379 
100 |a Casián Márquez, Luis Fernando  |e (autor) 
245 1 0 |a Implementación del estándar EDI /  |c L.F. Casián Márquez. 
264 |a Guadalajara, México :  |b edición de autor,  |c 2008 
300 |a 1 disco compacto de computadora 
336 |a datos para computadora  |b cod  |2 rdacontenido 
337 |a computadora  |b c  |2 rdamedio 
338 |a disco de computadora  |b cd  |2 rdasoporte 
502 |a ITESO Reporte Profesional de Licenciatura en Ingeniería en Sistemas Computacionales 
649 |a XX 
650 |a Ingenieros en Informática -  |x Prácticas Profesionales 
650 |a Transnacionales -  |x Administración 
650 |a Industria del Calzado -  |x Administración 
650 |a Industria del Vestido -  |x Administración 
650 |a Información -  |x Administración 
650 |a Transmisión de Datos -  |x Tema Principal 
650 |a Proceso Electrónico de Datos -  |x Tema Principal 
650 |a Protocolos de Comunicación 
650 |a Sistemas de Información 
650 |a Informática 
650 |a Ingeniería Computacional -  |x Prácticas Profesionales 
910 |a Fondo General 
920 |a Electrónicos - Tesis del ITESO en Disco 
905 |a 202 
901 |a 0500162289  |b IT2  |c STS  |u 20250521 
902 |a https://opac.biblio.iteso.mx/vufind/Record/000276858